Огнеупоры. Т. 2: Тепловые процессы и установки (Запись № 13612109)

Подробности
000 -МАРКЕР
контрольное поле 01292nam2a2200253 4500
001 - ИДЕНТИФИКАТОР ЗАПИСИ
контрольное поле rc\2984175
005 - ИДЕНТИФИКАТОР ВЕРСИИ
контрольное поле 20260315062741.0
035 ## - ДРУГИЕ СИСТЕМНЫЕ НОМЕРА
Идентификатор записи (NLR Aleph) 007128879
100 ## - ДАННЫЕ ОБЩЕЙ ОБРАБОТКИ
Данные общей обработки 20110913d1939 u y0rusy50 ca
101 0# - ЯЗЫК РЕСУРСА
Язык текста, звукозаписи и т.д. русский
102 ## - СТРАНА ПУБЛИКАЦИИ ИЛИ ПРОИЗВОДСТВА
Страна публикации российская федерация
105 ## - ПОЛЕ КОДИРОВАННЫХ ДАННЫХ: ТЕКСТОВЫЕ МАТЕРИАЛЫ, МОНОГРАФИЧЕСКИЕ
Кодированные данные о монографическом текстовом документе a z |||||
200 1# - ЗАГЛАВИЕ И СВЕДЕНИЯ ОБ ОТВЕТСТВЕННОСТИ
Основное заглавие Тепловые процессы и установки
Первые сведения об ответственности Под ред. инж. Г.О. Гросса
210 ## - ПУБЛИКАЦИЯ, РАСПРОСТРАНЕНИЕ И ДР.
Дата издания, распространения и т.д. 1939
215 ## - ФИЗИЧЕСКАЯ ХАРАКТЕРИСТИКА
Специфическое обозначение материала и объем 1036 с., 8 вкл. л. ил., черт., диагр., схем. и табл.
Другие сведения о физической характеристике ил., черт., диагр., схем., табл.
320 ## - ПРИМЕЧАНИЯ О НАЛИЧИИ В ДОКУМЕНТЕ БИБЛИОГРАФИИ / УКАЗАТЕЛЯ
Текст примечания Библиогр. в конце глав и разделов ...
461 #0 - УРОВЕНЬ НАБОРА
Встроенное поле 001rc\2984173
-- 2001#$aОгнеупоры$eСправочник по огнеупорной промышленности ... Т. 1-$fРед. справочника В.Я. Лохвицкий$vТ. 2
Системный номер (АБИС) связанной записи 6938774
Место публикации Москва
Дата публикации 1937
Первые сведения об ответственности Ред. справочника В.Я. Лохвицкий
Имя издателя, распространителя и т.д. Онти. Глав. ред. строит. лит-ры
Сведения, относящиеся к заглавию Справочник по огнеупорной промышленности ... Т. 1-
Заглавие Огнеупоры
Номер тома Т. 2
702 #1 - ИМЯ ЛИЦА - ВТОРИЧНАЯ ОТВЕТСТВЕННОСТЬ
Начальный элемент ввода Гросс
Часть имени, кроме начального элемента ввода Г.О.
Код отношения Редактор
801 #0 - ИСТОЧНИК ЗАПИСИ
Страна российская федерация
Организация NLR
Правила каталогизации psbo
801 #1 - ИСТОЧНИК ЗАПИСИ
Страна российская федерация
Организация ELAR
Источник данных rusmarc
852 ## - МЕСТОНАХОЖДЕНИЕ И ШИФР ХРАНЕНИЯ
Идентификатор организации NLR
Шифр хранения (Call Number) 37-18/100(2)
942 ## - ДОПОЛНИТЕЛЬНЫЕ ЭЛЕМЕНТЫ ЗАПИСИ (АБИС)
Тип экземпляра АБИС Неопределено
980 ## - КОЛЛЕКЦИЯ
Название коллекции Национальная библиография

Нет доступных экземпляров.